000 00263 a2200097 4500
001 32165
100 _aRyder, John D
245 _aElectronic Fundamentals and applications: Integrated and discrete systems
260 _aN Delhi
_bPHI
_c1999
090 _c21610
_d21610
942 _aNUST-CAE
_cM
_c12904
999 _c267238
_d267238